|
|
|
|
| LEADER |
00963nam a2200217 a 4500 |
| 001 |
527385 |
| 008 |
100502s1984 ke a 000 0 eng d |
| 010 |
|
|
|a \\\86218248
|
| 040 |
|
|
|a DLC
|c DLC
|d DLC
|d BD-DhAAL
|
| 082 |
0 |
0 |
|a 362.1/0425
|2 19
|
| 245 |
0 |
0 |
|a Planning and managing primary health care programmes :
|b report of a workshop sponsored by the Aga Khan Health Service and Aga Khan Foundation.
|
| 260 |
|
|
|a Nairobi, Kenya :
|b s.n.,
|c 1984.
|
| 300 |
|
|
|a 129 p. :
|b ill. ;
|c 29 cm.
|
| 541 |
1 |
|
|e 00002858
|
| 650 |
|
0 |
|a Primary health care
|z Developing countries
|x Planning
|x Congresses.
|
| 650 |
|
0 |
|a Primary health care
|z Developing countries
|x Administration
|x Congresses.
|
| 710 |
2 |
|
|a Aga Khan Health Services.
|
| 710 |
2 |
|
|a Aga Khan Foundation.
|
| 852 |
4 |
|
|a Ayesha Abed Library
|j General Shelf
|
| 999 |
|
|
|c 8340
|d 8340
|
| 952 |
|
|
|0 0
|1 0
|2 ddc
|4 0
|6 362_104250000000000_PLA_1984
|7 0
|9 9629
|a BRACUL
|b BRACUL
|c GEN
|d 2010-05-02
|g 0.00
|l 0
|o 362.10425 PLA
|p 3010002858
|r 2010-05-02
|t 1
|w 2010-05-02
|y BK
|